=LDR 00000nam 2200000 4500 =001 NUTBA000000000002100 =005 20200716023322 =035 ##$$a 0010-061400000000043 =008 200716################g##########0#ind## =020 ##$$a 978-979-9392-72-5 =082 ##$$a 2x6.4 =100 ##$$a Hafizh, Ramadhan =245 1#$$a The colour of women : $b Mengungkap misteri wanita /$c Dr. Ramadhan Hafizh; Penerjemah, Kamran As'ad Irsyady =250 ##$$a Cet. Pertama =260 ##$$a Jakarta :$b Amzah,$c 2007 =300 ##$$a xvi,264 hlm ; $c 19 x 13 cm. =850 ##$$a nbpnmat =084 ##$$a 2x6.4 HAF t =500 ##$$a Judul asli : Alwan min An-Nisa' =650 #4$$a Wanita =700 #$$a Irsyady, Kamran As'ad =990 ##$$a 20900932 =990 ##$$a 20900931 =990 ##$$a 20900930